000 00364nam a2200133 4500
005 20260530115308.0
100 1 _aSuzana Barreto Martins
_932293
245 1 0 _aErgonomia, Trabajo y Tiempo Libre
264 1 _bUNAM Fac. de Arquitectura
_c1988
300 _a135 páginas
336 _atexto
_2rdacontent
337 _asin medio
_2rdamedia
338 _avolumen
_2rdacarrier
999 _c13178
_d13178